000 00533nam a22001817a 4500
003 LK-CoDNM
005 20240611120924.0
008 240611b |||||||| |||| 00| 0 eng d
020 _a9789555392211
040 _aLK-CoDNM
_dLK-CoDNM
_eLK-CoDNM
041 _asin
080 _a65
_bBAN
100 _aබණ්ඩාර,අයිරාංගනී මද්දුම
245 _aරාජ්‍ය මූල්‍ය කළමනාකරණය
260 _aNugegoda
_bSarasavi Pothhala
300 _a264p,25cm
942 _cBK
999 _c145893
_d145893